[Event "IMSA Blitz Women 2019"]
[Site "Hengshui"]
[Date "2019.05.18"]
[Round "8.2"]
[White "Tan, Zhongyi"]
[Black "Abdumalik, Zhansaya"]
[Result "1/2-1/2"]
[WhiteElo "2513"]
[BlackElo "2464"]
[Annotator "RC"]
[PlyCount "175"]
[EventDate "2019.05.17"]
[EventType "blitz"]
[EventCountry "CHN"]
[SourceTitle "playchess.com"]
[Source "ChessBase"]
[SourceQuality "1"]
[TimeControl "180+2"]

1. c4 {[%emt 0:00:00]} e5 {[%emt 0:00:00]} 2. Nc3 {[%emt 0:00:00]} Nf6 {[%emt 0:00:00]} 3. Nf3 {[%emt 0:00:02]} Nc6 {[%emt 0:00:02]} 4. e4 {[%emt 0:00:01]} d6 {[%emt 0:00:06]} 5. d3 {[%emt 0:00:02]} g6 {[%emt 0:00:03]} 6. g3 {[%emt 0:00:08]} Bg7 {[%emt 0:00:01]} 7. Bg2 {[%emt 0:00:01]} O-O {[%emt 0:00:10]} 8. O-O {[%emt 0:00:02]} h6 {[%emt 0:00:00]} 9. Rb1 {[%emt 0:00:04]} a5 {[%emt 0:00:01]} 10. Nd5 {[%emt 0:00:06]} Nh7 {[%emt 0:00:07]} 11. a3 {[%emt 0:00:06]} Be6 {[%emt 0:00:17]} 12. b4 {[%emt 0:00:04]} axb4 {[%emt 0:00:03]} 13. axb4 {[%emt 0:00:01]} Qd7 {[%emt 0:00:07]} 14. b5 {[%emt 0:00:02]} Ne7 {[%emt 0:00:06]} 15. Bb2 {[%emt 0:00:11]} f5 {[%emt 0:00:16]} 16. Nh4 {[%emt 0:00:22]} Bxd5 {[%emt 0:00:17]} 17. exd5 {[%emt 0:00:09]} g5 {[%emt 0:00:07]} 18. Nf3 {[%emt 0:00:01]} Nf6 {[%emt 0:00:01]} 19. Ra1 {[%emt 0:00:04]} Ng6 {[%emt 0:00:06]} 20. Qc2 {[%emt 0:00:06]} g4 {[%emt 0:00:03]} 21. Nd2 {[%emt 0:00:02]} h5 {[%emt 0:00:01]} 22. Rxa8 Rxa8 23. Ra1 {[%emt 0:00:03]} Rf8 {[%emt 0:00:14]} 24. Ra7 {[%emt 0:00:02]} b6 {[%emt 0:00:04]} 25. Nf1 {[%emt 0:00:30]} h4 {[%emt 0:00:04]} 26. Nd2 {[%emt 0:00:17]} Nh7 {[%emt 0:00:06]} 27. Bc1 {[%emt 0:00:10]} Bf6 {[%emt 0:00:05]} 28. Nb1 {[%emt 0:00:09]} Ng5 {[%emt 0:00:05]} 29. Bxg5 {[%emt 0:00:06]} Bxg5 {[%emt 0:00:01]} 30. Nc3 {[%emt 0:00:01]} Qg7 {[%emt 0:00:27]} 31. c5 {[%emt 0:00:07]} Rf7 {[%emt 0:00:11]} 32. cxd6 {[%emt 0:00:06]} cxd6 {[%emt 0:00:00]} 33. Rxf7 Qxf7 34. Na4 {[%emt 0:00:02]} h3 {[%emt 0:00:28]} 35. Bf1 {[%emt 0:00:30]} Qxd5 {[%emt 0:00:08]} 36. Qc8+ {[%emt 0:00:04]} Kg7 {[%emt 0:00:09]} 37. Qd7+ {[%emt 0:00:05]} Kh6 {[%emt 0:00:06]} 38. Nxb6 {[%emt 0:00:05]} Qd4 {[%emt 0:00:01]} 39. Qc6 {[%emt 0:00:06]} Bd2 {[%emt 0:00:03]} 40. Nd7 {[%emt 0:00:09]} Be1 {[%emt 0:00:02]} 41. Qc2 {[%emt 0:00:01]} Qa7 {[%emt 0:00:03]} 42. Nf6 {[%emt 0:00:03]} Qb6 {[%emt 0:00:02]} 43. Qc1+ {[%emt 0:00:04]} Kg7 {[%emt 0:00:02]} 44. Nh5+ {[%emt 0:00:00]} Kf7 {[%emt 0:00:02]} 45. Qxe1 Qxb5 46. Qe3 {[%emt 0:00:03]} f4 {[%emt 0:00:06]} 47. Qe4 {[%emt 0:00:01]} Qd7 {[%emt 0:00:02]} 48. gxf4 {[%emt 0:00:04]} d5 {[%emt 0:00:00]} 49. Qe3 {[%emt 0:00:01]} Qf5 {[%emt 0:00:02]} 50. Ng3 {[%emt 0:00:03]} Qxf4 {[%emt 0:00:01]} 51. Qxf4+ {[%emt 0:00:02]} Nxf4 {[%emt 0:00:02]} 52. Be2 {[%emt 0:00:02]} Kf6 {[%emt 0:00:07]} 53. Bxg4 {[%emt 0:00:02]} Nxd3 {[%emt 0:00:01]} 54. Bxh3 {[%emt 0:00:01]} Nf4 {[%emt 0:00:01]} 55. Bc8 {[%emt 0:00:02]} e4 {[%emt 0:00:01]} 56. Kf1 {[%emt 0:00:02]} Ke5 {[%emt 0:00:02]} 57. Bb7 {[%emt 0:00:02]} Nh3 {[%emt 0:00:05]} 58. Bc8 {[%emt 0:00:02]} Nf4 {[%emt 0:00:01]} 59. h4 {[%emt 0:00:01]} d4 {[%emt 0:00:01]} 60. Bb7 {[%emt 0:00:02]} e3 {[%emt 0:00:03]} 61. fxe3 {[%emt 0:00:02]} dxe3 {[%emt 0:00:01]} 62. Bf3 {[%emt 0:00:02]} Kf6 {[%emt 0:00:02]} 63. Ne4+ {[%emt 0:00:03]} Kf5 {[%emt 0:00:02]} 64. Ng3+ {[%emt 0:00:01]} Kg6 {[%emt 0:00:01]} 65. Ke1 {[%emt 0:00:02]} Kf6 {[%emt 0:00:05]} 66. Kd1 {[%emt 0:00:01]} Ng6 {[%emt 0:00:03]} 67. h5 {[%emt 0:00:02]} Ne5 {[%emt 0:00:01]} 68. Ke2 {[%emt 0:00:02]} Nc4 {[%emt 0:00:02]} 69. Ne4+ {[%emt 0:00:03]} Kf5 {[%emt 0:00:03]} 70. Nc3 {[%emt 0:00:03]} Kg5 {[%emt 0:00:01]} 71. Nd5 {[%emt 0:00:01]} Ne5 {[%emt 0:00:02]} 72. Be4 {[%emt 0:00:10]} Kxh5 {[%emt 0:00:01]} 73. Kxe3 {[%emt 0:00:01]} Kg5 {[%emt 0:00:01]} 74. Kd4 {[%emt 0:00:01]} Ng6 {[%emt 0:00:03]} 75. Ne3 {[%emt 0:00:01]} Nf4 {[%emt 0:00:01]} 76. Ke5 {[%emt 0:00:02]} Ng6+ {[%emt 0:00:01]} 77. Ke6 {[%emt 0:00:01]} Nf4+ {[%emt 0:00:01]} 78. Kf7 {[%emt 0:00:00]} Nh5 {[%emt 0:00:03]} 79. Nd5 {[%emt 0:00:02]} Nf4 {[%emt 0:00:01]} 80. Nf6 {[%emt 0:00:02]} Nh5 {[%emt 0:00:02]} 81. Nh7+ {[%emt 0:00:02]} Kf4 {[%emt 0:00:00]} 82. Bb1 {[%emt 0:00:01]} Ng3 {[%emt 0:00:02]} 83. Ke6 {[%emt 0:00:01]} Ne4 {[%emt 0:00:01]} 84. Ke7 {[%emt 0:00:04]} Ng5 {[%emt 0:00:02]} 85. Nf6 {[%emt 0:00:02]} Nf3 {[%emt 0:00:01]} 86. Ke6 {[%emt 0:00:01]} Nd4+ {[%emt 0:00:03]} 87. Kd5 {[%emt 0:00:01]} Nf3 {[%emt 0:00:01]} 88. Bc2 {[%emt 0:00:03]} 1/2-1/2

[Event "IMSA Blitz Women 2019"]
[Site "Hengshui"]
[Date "2019.05.18"]
[Round "8.2"]
[White "Dzagnidze, Nana"]
[Black "Muzychuk, Mariya"]
[Result "0-1"]
[WhiteElo "2510"]
[BlackElo "2563"]
[Annotator "RC"]
[PlyCount "82"]
[EventDate "2019.05.17"]
[EventType "blitz"]
[EventCountry "CHN"]
[SourceTitle "playchess.com"]
[Source "ChessBase"]
[SourceQuality "1"]
[TimeControl "180+2"]

1. c4 {[%emt 0:00:00]} c5 {[%emt 0:00:00]} 2. Nf3 Nc6 3. g3 {[%emt 0:00:06]} g6 {[%emt 0:00:00]} 4. Bg2 {[%emt 0:00:02]} Bg7 {[%emt 0:00:01]} 5. Nc3 {[%emt 0:00:01]} e6 6. O-O {[%emt 0:00:03]} Nge7 {[%emt 0:00:02]} 7. d3 {[%emt 0:00:10]} O-O 8. Bg5 d5 {[%emt 0:00:03]} 9. cxd5 {[%emt 0:00:08]} exd5 {[%emt 0:00:01]} 10. Qc1 {[%emt 0:00:02]} b6 {[%emt 0:00:09]} 11. Bh6 {[%emt 0:00:11]} Bb7 {[%emt 0:00:03]} 12. Bxg7 {[%emt 0:00:03]} Kxg7 {[%emt 0:00:01]} 13. a3 {[%emt 0:00:05]} d4 {[%emt 0:00:10]} 14. Ne4 {[%emt 0:00:16]} Nd5 {[%emt 0:00:01]} 15. b4 {[%emt 0:00:17]} cxb4 {[%emt 0:00:10]} 16. axb4 {[%emt 0:00:02]} Ndxb4 {[%emt 0:00:03]} 17. Qb2 {[%emt 0:00:01]} a5 {[%emt 0:00:07]} 18. Ned2 {[%emt 0:00:13]} Qf6 {[%emt 0:00:06]} 19. Nc4 {[%emt 0:00:25]} Ba6 {[%emt 0:00:52]} 20. Nxb6 Ra7 21. Na4 {[%emt 0:00:40]} Re8 {[%emt 0:00:16]} 22. Rfc1 {[%emt 0:00:08]} Rae7 {[%emt 0:00:03]} 23. Bf1 {[%emt 0:00:04]} Bxd3 {[%emt 0:00:05]} 24. exd3 {[%emt 0:00:09]} Qxf3 {[%emt 0:00:01]} 25. Bg2 {[%emt 0:00:23]} Qf6 {[%emt 0:00:02]} 26. Qd2 {[%emt 0:00:14]} Re2 {[%emt 0:00:23]} 27. Qf4 {[%emt 0:00:01]} Ne5 {[%emt 0:00:06]} 28. Bf1 {[%emt 0:00:09]} Nexd3 {[%emt 0:00:18]} 29. Qxf6+ {[%emt 0:00:01]} Kxf6 {[%emt 0:00:01]} 30. Bxe2 {[%emt 0:00:02]} Nxc1 {[%emt 0:00:01]} 31. Bc4 {[%emt 0:00:01]} Ne2+ {[%emt 0:00:05]} 32. Kf1 {[%emt 0:00:01]} Nc3 {[%emt 0:00:02]} 33. Nc5 {[%emt 0:00:03]} a4 {[%emt 0:00:05]} 34. Nd3 {[%emt 0:00:03]} Nxd3 {[%emt 0:00:02]} 35. Bxd3 {[%emt 0:00:01]} Ra8 {[%emt 0:00:19]} 36. Ke1 {[%emt 0:00:02]} a3 {[%emt 0:00:02]} 37. Kd2 {[%emt 0:00:00]} Ke5 {[%emt 0:00:03]} 38. Kc2 {[%emt 0:00:02]} a2 {[%emt 0:00:03]} 39. Kb2 {[%emt 0:00:00]} Rb8+ {[%emt 0:00:01]} 40. Ka3 {[%emt 0:00:03]} Kd5 {[%emt 0:00:03]} 41. Bc2 {[%emt 0:00:02]} Ke5 0-1

[Event "IMSA Blitz Women 2019"]
[Site "Hengshui"]
[Date "2019.05.18"]
[Round "8.2"]
[White "Gunina, Valentina"]
[Black "Kosteniuk, Alexandra"]
[Result "0-1"]
[WhiteElo "2506"]
[BlackElo "2546"]
[Annotator "TA"]
[PlyCount "63"]
[EventDate "2019.05.17"]
[EventType "blitz"]
[EventCountry "CHN"]
[SourceTitle "playchess.com"]
[Source "ChessBase"]
[SourceQuality "1"]

{[%evp 9,63,23,18,9,22,16,8,12,11,0,12,0,48,13,20,-88,-100,-131,-131,-164,-125,-278,-194,-204,-152,-150,-156,-257,-185,-225,-245,-250,-232,-252,-252,-248,-243,-292,-297,-296,-296,-558,-320,-506,-306,-306,-306,-300,-292,-392,-393,-375,-375,-496,-183,-183]} 1. e4 e5 2. Nf3 Nc6 3. Bc4 Bc5 4. O-O Nf6 5. d3 O-O 6. a4 {C50: Hungarian Defence and Giuoco Pianissimo} h6 7. h3 d6 8. c3 {[#] And now b4 would win.The position is equal.} a5 9. Nbd2 Re8 10. Re1 Nh5 $146 ({Predecessor:} 10... Be6 11. Bb5 Bd7 12. Nc4 Ne7 13. Bxd7 Qxd7 14. Be3 Bxe3 15. Rxe3 Ng6 16. Qb3 {0-1 (38) Malakhov,V (2722)-Le,Q (2726) Danzhou 2017}) 11. Nf1 Qf6 12. d4 (12. Be3 $11) 12... exd4 $17 13. Bd5 dxc3 14. bxc3 Nf4 15. Ng3 $2 {[#]} (15. Bxf4 $17 Qxf4 16. Qd2 Qxd2 17. N1xd2) 15... Nxd5 16. exd5 Rxe1+ 17. Qxe1 Ne5 18. Nd4 (18. Nxe5 $17 {was forced.} Qxe5 19. Qxe5 dxe5 20. Ne4) 18... Bb6 19. Be3 Bd7 20. Qe2 Re8 21. Nh5 Qg6 22. Nf4 Qh7 23. Nb5 {Bxb6 would now be nice for White.} Ng6 24. Nh5 Nh4 25. Qc4 $2 (25. Ng3) 25... Bxe3 26. fxe3 (26. Qxh4 {is the only way for White.} Bb6 27. Qg3) 26... Qe4 27. Qxe4 Rxe4 28. Nxc7 Rxe3 ({Weaker is} 28... Bxa4 29. Ng3 $17) 29. Rb1 Rxc3 30. Rxb7 Bxa4 31. Ra7 Bd7 $2 (31... Rc2 32. Nf4 g5 33. Rxa5 Bd7 34. Ra8+ Kh7) 32. Ne6 {Accuracy: White = 17%, Black = 64%.} 0-1

[Event "IMSA Blitz Women 2019"]
[Site "Hengshui"]
[Date "2019.05.18"]
[Round "8.2"]
[White "Khotenashvili, Bela"]
[Black "Ushenina, Anna"]
[Result "0-1"]
[WhiteElo "2476"]
[BlackElo "2442"]
[Annotator "TA"]
[PlyCount "78"]
[EventDate "2019.05.17"]
[EventType "blitz"]
[EventCountry "CHN"]
[SourceTitle "playchess.com"]
[Source "ChessBase"]
[SourceQuality "1"]

{[%evp 11,78,-6,0,-18,8,0,0,-9,12,16,27,-6,25,39,33,19,28,19,44,43,74,33,155,26,37,8,85,10,25,12,19,21,14,-2,-10,-133,-152,-146,-139,-170,-156,-158,-159,-422,-381,-345,-308,-314,-274,-554,-212,-218,-152,-137,-135,-135,-132,-352,-317,-488,-480,-635,-615,-710,-665,-1404,-1376,-1297,-1260]} 1. Nf3 d5 2. g3 e6 3. Bg2 c5 4. O-O Nf6 5. d3 Be7 6. Nbd2 O-O 7. e4 {A07: Réti Opening: New York and Capablanca Systems} b5 (7... Nc6 8. Re1 Qc7 9. e5 Nd7 10. Qe2 b5 11. Nf1 Bb7 12. Bf4 Rfc8 13. Ne3 Qd8 14. h4 h6 15. c3 b4 16. c4 Nb6 17. Rad1 Rc7 18. Ng4 Qf8 19. Qe3 Nd4 20. Nxd4 cxd4 {0-1 (44) Svidler,P (2760)-Kramnik,V (2800) Moscow 2018}) 8. a4 b4 9. Re1 {The position is equal.} a5 $146 ({Predecessor:} 9... Nc6 10. exd5 exd5 11. Nb3 Bf5 12. Be3 Nd7 13. a5 Rc8 14. Qd2 Bf6 15. Qc1 Re8 16. Nfd2 Ne7 17. a6 Be6 {½-½ (72) Todorcevic,M (2475)-Rajna,G (2520) Pancevo 1987}) 10. exd5 exd5 11. d4 Ba6 12. dxc5 Bxc5 {...Ng4 is the strong threat.} 13. Nb3 $36 {[%mdl 2048] White has some pressure.} Bb6 14. Be3 Nbd7 15. Nfd4 Rc8 16. Rc1 (16. Nf5 $5 {[%cal Re3b6]} Nc5 17. Bxd5 $16) 16... Ne4 (16... Re8 $14) 17. Bh3 (17. Nf5 $1 $16 g6 18. Qxd5 gxf5 19. Bxb6 Qxb6 20. Bxe4 fxe4 21. Qxd7) 17... Re8 18. Nf5 Ndf6 (18... Ne5 $11) 19. Nbd4 (19. Bxb6 $1 $16 Qxb6 20. Qd4) 19... Kh8 20. f3 Nc5 21. b3 Ne6 22. Bf2 Rc3 23. Bg2 (23. Kh1 $11 {remains equal.}) 23... g6 $17 24. Nh6 Kg7 {Hoping for ...Nxd4.} 25. Ng4 Nxd4 $1 26. Rxe8 Nxf3+ $1 27. Bxf3 $2 (27. Qxf3 $17 {was the only defense.} Nxe8 28. Qxd5 Bxf2+ 29. Nxf2) 27... Bxf2+ $19 ({Weaker is} 27... Nxe8 28. Be2 $17) 28. Kxf2 Qb6+ ({Less strong is} 28... Nxe8 29. Qd4+ Nf6 30. Ne3 $17) 29. Kg2 {Strongly threatening Nxf6.} Nxe8 30. Qxd5 $2 {[#]} (30. Qe1 {was called for.} Qe6 31. Qxe6 fxe6 32. Nf2) 30... Nf6 $2 (30... Rxf3 $1 {[%mdl 512]} 31. Qe5+ (31. Qxf3 Bb7) 31... Rf6 $1 {[%mdl 512]} 32. Nxf6 Nxf6) 31. Qe5 Rc5 32. Qxf6+ Qxf6 33. Nxf6 Kxf6 $17 {[%mdl 4096] Endgame KRB-KRB} 34. Be4 $2 {[#]} (34. Kf2 $17) 34... Ke5 $1 $19 {[%cal Re5e4]} 35. Re1 (35. Ba8 $142 Kd4 36. Kh3) 35... Kd4 {Black is clearly winning.} 36. Kf3 f5 37. Rd1+ Kc3 38. Bd5 Kxc2 39. Bg8 Kxd1 {Accuracy: White = 16%, Black = 32%.} 0-1

[Event "IMSA Blitz Women 2019"]
[Site "Hengshui"]
[Date "2019.05.18"]
[Round "8.2"]
[White "Paehtz, Elisabeth"]
[Black "Stefanova, Antoaneta"]
[Result "1-0"]
[WhiteElo "2470"]
[BlackElo "2470"]
[Annotator "RC"]
[PlyCount "77"]
[EventDate "2019.05.17"]
[EventType "blitz"]
[EventCountry "CHN"]
[SourceTitle "playchess.com"]
[Source "ChessBase"]
[SourceQuality "1"]
[TimeControl "180+2"]

1. d4 {[%emt 0:00:00]} Nf6 {[%emt 0:00:00]} 2. Nf3 {[%emt 0:00:00]} g6 {[%emt 0:00:00]} 3. Bg5 {[%emt 0:00:02]} Bg7 {[%emt 0:00:02]} 4. Nbd2 {[%emt 0:00:01]} O-O {[%emt 0:00:03]} 5. c3 {[%emt 0:00:02]} d6 {[%emt 0:00:05]} 6. e4 {[%emt 0:00:04]} c5 {[%emt 0:00:03]} 7. dxc5 {[%emt 0:00:03]} dxc5 {[%emt 0:00:02]} 8. Bc4 {[%emt 0:00:05]} Qc7 {[%emt 0:00:05]} 9. Qe2 {[%emt 0:00:04]} Nh5 {[%emt 0:00:11]} 10. g3 {[%emt 0:00:07]} Bh3 {[%emt 0:00:18]} 11. O-O-O {[%emt 0:00:07]} Nc6 {[%emt 0:00:07]} 12. Be3 {[%emt 0:00:08]} Na5 {[%emt 0:00:16]} 13. Bd3 {[%emt 0:00:05]} Be6 {[%emt 0:00:28]} 14. Kb1 {[%emt 0:00:12]} c4 {[%emt 0:00:09]} 15. Bc2 {[%emt 0:00:02]} b5 {[%emt 0:00:02]} 16. Nd4 {[%emt 0:00:03]} Bd7 {[%emt 0:00:01]} 17. f4 {[%emt 0:00:12]} Nf6 {[%emt 0:00:25]} 18. e5 {[%emt 0:00:12]} Nd5 {[%emt 0:00:04]} 19. Be4 {[%emt 0:00:02]} Nxe3 {[%emt 0:00:09]} 20. Qxe3 {[%emt 0:00:08]} Rab8 {[%emt 0:00:00]} 21. a3 {[%emt 0:00:07]} Nb7 {[%emt 0:00:01]} 22. h4 {[%emt 0:00:09]} Nc5 {[%emt 0:00:03]} 23. h5 {[%emt 0:00:07]} Nxe4 {[%emt 0:00:02]} 24. Nxe4 {[%emt 0:00:02]} a5 {[%emt 0:00:05]} 25. hxg6 {[%emt 0:00:12]} hxg6 {[%emt 0:00:02]} 26. Qe2 {[%emt 0:00:11]} b4 {[%emt 0:00:06]} 27. Qh2 {[%emt 0:00:04]} Rfd8 {[%emt 0:00:11]} 28. Qh7+ Kf8 29. Ng5 {[%emt 0:00:22]} bxa3 {[%emt 0:00:45]} 30. Qh8+ {[%emt 0:00:25]} Bxh8 {[%emt 0:00:01]} 31. Rxh8+ {[%emt 0:00:01]} Kg7 {[%emt 0:00:00]} 32. Rh7+ {[%emt 0:00:01]} Kg8 {[%emt 0:00:06]} 33. Rdh1 {[%emt 0:00:01]} Rxb2+ 34. Ka1 Rb1+ {[%emt 0:00:10]} 35. Rxb1 {[%emt 0:00:03]} f6 {[%emt 0:00:04]} 36. Rbh1 {[%emt 0:00:13]} Bh3 {[%emt 0:00:02]} 37. R7xh3 {[%emt 0:00:11]} fxg5 {[%emt 0:00:02]} 38. Rh8+ {[%emt 0:00:02]} Kf7 {[%emt 0:00:02]} 39. R1h7# {[%emt 0:00:01]} 1-0

[Event "IMSA Blitz Women 2019"]
[Site "Hengshui"]
[Date "2019.05.18"]
[Round "8.2"]
[White "Bodnaruk, Anastasia"]
[Black "Zhao, Xue"]
[Result "1-0"]
[WhiteElo "2431"]
[BlackElo "2485"]
[Annotator "TA"]
[PlyCount "119"]
[EventDate "2019.05.17"]
[EventType "blitz"]
[EventCountry "CHN"]
[SourceTitle "playchess.com"]
[Source "ChessBase"]
[SourceQuality "1"]

{[%evp 9,129,50,69,62,112,70,87,50,53,28,33,33,41,39,33,29,38,26,51,31,31,22,36,20,30,16,15,-20,-1,-12,-14,-6,-20,-18,-12,-11,-7,-17,0,0,0,-8,-22,-8,-16,-9,-4,-24,0,-40,-19,-50,-43,-76,-73,-175,-114,-207,-206,-217,-204,-211,-201,-404,-385,-536,-451,-424,-406,-2199,-175,-930,-883,-991,-845,-1030,-1027,-3564,-627,-29994,-29995,-29995,118,127,128,128,109,0,0,0,110,0,281,248,233,-759,0,0,0,0,1230,1138,4602,4586,2509,1868,1721,1257,29974,29975,29981,29982,29981,29981,29982,29983,29983,29984,29989,29989,29992,29993]} 1. e4 Nf6 2. e5 Nd5 3. d4 d6 4. Nf3 c6 5. c4 Nb6 6. Nc3 {B04: Alekhine's Defence: 4 Nf3} Bf5 $146 ({Predecessor:} 6... dxe5 7. Nxe5 N8d7 8. Nf3 Nf6 9. Be2 Bg4 10. b3 e6 11. O-O {½-½ (42) Michiels,B (2459)-Appel,R (2547) Germany 2010}) 7. Bf4 dxe5 8. Nxe5 {White is better.} N8d7 9. Be2 (9. Nf3 {feels hotter.} e6 10. Be2 Be7 11. O-O O-O 12. Qc1) 9... Nxe5 10. Bxe5 e6 11. O-O Nd7 12. Bf4 Be7 13. Bd3 Bg6 14. Qe2 O-O 15. Rad1 Re8 16. Bxg6 hxg6 17. Ne4 Nf6 18. Ng3 Qa5 19. a3 Rad8 20. Rd3 Bd6 21. b4 Qa6 22. Bxd6 Rxd6 23. Qc2 Red8 24. Rfd1 R6d7 25. a4 Qb6 $36 {[%mdl 2048] Black fights for an advantage.} 26. Qc3 Qc7 27. h3 g5 28. a5 g4 29. h4 Qf4 30. Ne2 Qf5 31. Ng3 Qh7 32. b5 (32. d5 $17) 32... Qxh4 ({Black should play} 32... cxb5 $19 33. cxb5 Qxh4) 33. a6 (33. bxc6 $17 {keeps fighting.} bxc6 34. Qb4) 33... cxb5 $19 34. cxb5 bxa6 35. bxa6 Nd5 36. Qb3 $2 (36. Qd2 {was worth a try.}) 36... g6 37. R3d2 Kg7 38. Kf1 Rh8 {Threatens to win with ...Nf4.} (38... Qh2 39. Ne2 $19) 39. Qb5 {[#]} (39. Ne2 $142) 39... Nf4 $2 (39... Nc3 $1 {[%mdl 512] ( -> ...Qh1+!)} 40. Ke1 Nxb5) 40. Ke1 $2 (40. Qxd7 $2 {leads to mate.} Qh1+ $1 {[%mdl 512]} 41. Nxh1 Rxh1#) (40. Qe5+ Qf6 41. Kg1) 40... Nxg2+ 41. Ke2 Nf4+ 42. Ke3 Nd5+ 43. Ke2 Qf6 (43... Nc3+ $142 44. Ke1 Nxb5) 44. Qxd7 {Ke1 is the strong threat.} Qf3+ 45. Ke1 {[#]} Nf4 $2 (45... Rh1+ $1 {[%mdl 512] mates} 46. Nf1 {[#]} (46. Nxh1 Qxh1+) 46... Rxf1+ $1 {[%mdl 576] Clearance} 47. Kxf1 Qh1+ 48. Ke2 Nf4+ 49. Ke3 Qf3#) 46. Qb7 $16 ({Much worse is} 46. Qb5 $6 Ng2+ 47. Kf1 Ne3+ 48. Ke1 Ng2+ 49. Kf1 Ne3+ 50. Ke1 Ng2+ $11) 46... Ng2+ 47. Kf1 Ne3+ 48. Ke1 {aiming for Qxf3.} Ng2+ 49. Kf1 {Hoping for Qxf3.} Ne3+ $1 50. Ke1 (50. Kg1 $16 {Strongly threatening Qxf3.} Nxd1 51. Qxf3 gxf3 52. Rxd1) 50... Nd5 $2 {[%mdl 8192]} (50... Ng2+ $11 {and Black is okay.} 51. Kf1) 51. Rd3 Qg2 52. Qc6 $4 {[%mdl 8192]} ({Don't blunder} 52. Qxa7 $2 Rh2 $19) (52. Qb2 $18) 52... Qg1+ $2 ({Better is} 52... Rh2 $19 {[%csl Gh2][%cal Rg2f2]} 53. Qc2 Nf4) 53. Ke2 $11 Nf4+ {[%mdl 64] Double Attack} 54. Ke3 $1 Nd5+ $2 {[%mdl 8192] [#]} (54... Ng2+ $11 55. Ke4 Ne1) 55. Qxd5 $1 $18 {[%mdl 512]} Qxg3+ (55... exd5 56. Rxg1) 56. fxg3 {White wants to mate with Qe5+.} exd5 57. Rc3 Re8+ 58. Kd3 Re6 59. Ra1 {White mates.} Rf6 60. Ra5 {Played: Rc3-c7} 1-0